Tajemství výchovy šťastných dětí /
Uloženo v:
| Hlavní autor: | |
|---|---|
| Další autoři: | |
| Médium: | Kniha |
| Jazyk: | Czech |
| Vydáno: |
Praha :
Portál,
1999
|
| Vydání: | 1. vyd. |
| Edice: | Rádci pro rodiče a vychovatele
|
| Témata: |
pedagogika
> psychologie
> psychologie dítěte
> rodina
> rodiče
> děti
> výchova
> rodinná výchova
> příručky
|
| Celkem bylo vypůjčeno: | 33x |
| Tagy: |
Žádné tagy |
| LEADER | 01198nam a2200301 a 4500 | ||
|---|---|---|---|
| 001 | 45066 | ||
| 005 | 20240820142850.0 | ||
| 008 | 990907s1999----xr ---------u-------cze-d | ||
| 015 | |a cnb000693373 | ||
| 020 | |a 80-7178-334-X : |c 157.00 Kč | ||
| 040 | |a UOG502 |e AACR2 |9 1 |b cze | ||
| 041 | 1 | |a cze |h eng | |
| 080 | |a 37 | ||
| 080 | |a 37.03 | ||
| 080 | |a 159.922 | ||
| 100 | 1 | |a Biddulph, Steve, |d 1953- |7 pna2006337994 |4 aut |9 111992 | |
| 245 | 1 | 0 | |a Tajemství výchovy šťastných dětí / |c Steve Biddulph ; [z anglického originálu přeložila Eliška Neckařová] |
| 250 | |a 1. vyd. | ||
| 260 | |a Praha : |b Portál, |c 1999 | ||
| 300 | |a 133 s., obr. | ||
| 490 | 1 | |a Rádci pro rodiče a vychovatele | |
| 653 | |a pedagogika |a psychologie |a psychologie dítěte |a rodina |a rodiče |a děti |a výchova |a rodinná výchova |a příručky | ||
| 700 | 1 | |a Neckařová, Eliška, |d 1973- |7 jn20001005039 |4 trl |9 39261 | |
| 830 | 0 | |a Rádci pro rodiče a vychovatele | |
| 910 | |a UOG502 | ||
| 999 | |c 45066 |d 45066 | ||
| 942 | 0 | 0 | |0 28 |
| 993 | |0 0 |1 421180048931 |4 0 |6 37_000000000000000 |7 0 |9 26110 |a 157.00 |b 0 |c 48931 |d 1999-09-07 |e 33 |f DOSP |g 37 |h 157.00 |i Zámecké knihkupectví |j 17 |l DOSP |m 7 |r 2025-01-02 |s 2024-10-15 |t 5 |w 2017-09-19 |y KN |z NAUCNA | ||